Serious fun / (Record no. 27792)

MARC details
000 -LEADER
fixed length control field 00877nam a22002415a 4500
005 - DATE AND TIME OF LATEST TRANSACTION
control field 20090623120846.0
008 - FIXED-LENGTH DATA ELEMENTS--GENERAL INFORMATION
fixed length control field 090226s2009 ii b 001 0 eng
010 ## - LCCN (DPL NO)
LC control number ENG-94206
020 ## - INTERNATIONAL STANDARD BOOK NUMBER
International Standard Book Number 9789380032085
Terms of availability 295.00
035 ## - SYSTEM CONTROL NUMBER
System control number EN-77739
037 ## - SOURCE OF ACQUISITION
Source of stock number/acquisition DBAD / PUB
040 ## - CATALOGING SOURCE
Original cataloging agency dpl
Language of cataloging English
082 ## - DEWEY DECIMAL CLASSIFICATION NUMBER
Classification number 658.3124
100 ## - MAIN ENTRY--PERSONAL NAME
Personal name Barnes, Mark
245 ## - TITLE STATEMENT
Title Serious fun /
Statement of responsibility, etc by Mark Barnes
260 ## - PUBLICATION, DISTRIBUTION, ETC. (IMPRINT)
Place of publication, distribution, etc New Delhi
Name of publisher, distributor, etc Westland
Date of publication, distribution, etc 2007
270 ## - ADDRESS
Address F-5 Okhla Industrial Area, Phase I, Mezzanine Floor,
City New Delhi
Postal code 110020
300 ## - PHYSICAL DESCRIPTION
Extent 210p.
Dimensions 26cm(pbk)
650 ## - SUBJECT ADDED ENTRY--TOPICAL TERM
Topical term or geographic name as entry element Management games
650 ## - SUBJECT ADDED ENTRY--TOPICAL TERM
Topical term or geographic name as entry element Teams in the workplace
General subdivision Training of
942 ## - ADDED ENTRY ELEMENTS (KOHA)
Source of classification or shelving scheme Dewey Decimal Classification
Item type English Books
Call number suffix BAR
Classification part 658.3124
Holdings
Withdrawn status Lost status Source of classification or shelving scheme Damaged status Not for loan Collection code Home library Current library Date acquired Source of acquisition Cost, normal purchase price Total Checkouts Full call number Barcode Date last seen Copy number Cost, replacement price Koha item type
    Dewey Decimal Classification   Not For Loan Non-fiction D.B.Act.Division D.B.Act.Division 23/06/2009 DBAD / PUB 295.00   658.3124 BAR EN-77739 23/06/2009 1 295.00 English Books

© Delhi Public Library
Hit Counter
free hit counter